| 000 -LEADER |
| fixed length control field |
00521nam a22001937a 4500 |
| 005 - DATE AND TIME OF LATEST TRANSACTION |
| control field |
20150604092054.0 |
| 008 - FIXED-LENGTH DATA ELEMENTS--GENERAL INFORMATION |
| fixed length control field |
150604b xxu||||| |||| 00| 0 eng d |
| 020 ## - INTERNATIONAL STANDARD BOOK NUMBER |
| International Standard Book Number |
9781930546660 |
| 041 0# - LANGUAGE CODE |
| Language code of text/sound track or separate title |
eng |
| 080 ## - UNIVERSAL DECIMAL CLASSIFICATION NUMBER |
| Universal Decimal Classification number |
796.32 |
| 100 ## - Rafti |
| Rafti |
Bertoli, Jim |
| 245 10 - TITLE STATEMENT |
| Title |
Volleyball skills & drills / |
| Statement of responsibility, etc |
Jim Bertoli. |
| 246 3# - VARYING FORM OF TITLE |
| Title proper/short title |
Volleyball skills and drills |
| 260 ## - |
| -- |
Terre Haute, Ind. : |
| -- |
Wish Pub. ; |
| -- |
c2004. |
| 300 ## - |
| -- |
xv, 149 f. : |
| -- |
me il.; |
| -- |
22 cm. |
| 650 ## - |
| -- |
Vollejboll |
| 700 1# - |
| -- |
Jim Bertoli |
| 942 ## - ADDED ENTRY ELEMENTS (KOHA) |
| Source of classification or shelving scheme |
|
| Item type |
Books |